• 首页
  • 本馆介绍
  • 公告通知
  • 最新文献
  • 馆藏检索
  • 电子资源
  • 读者导购
  • 参考咨询
  • 我的图书馆
  • 登录
  • 详细信息显示
  • 放入我的书架
  • 预约/预借图书
  • 作者相关作品
  • 分类相关作品
  • 丛书相关作品
  • 出版社相关作品

书目信息

  • 表格格式
  • 工作单格式
  • 卡片格式
题名:
英美文学作品赏析
    
 
作者: 邵莉 著
分册:  
出版信息: 广州   广东旅游出版社  2019.1
页数: 189页
开本: 24cm
丛书名:
单 册:
中图分类: I561.06 , I712.06
科图分类:
主题词: 英国文学--ying guo wen xue--文学欣赏 , 文学欣赏--wen xue xin shang--美国
电子资源:
ISBN: 978-7-5570-1505-3
000 01111nam0 2200265 450
001 2161430129
005 20210928130734.0
010    @a978-7-5570-1505-3@dCNY49.00
100    @a20191217d2019 em y0chiy50 ea
101 0  @achi@aeng
102    @aCN@b440000
105    @ay z 000yy
106    @ar
200 1  @a英美文学作品赏析@Aying mei wen xue zuo pin shang xi@e以谭恩美为例@f邵莉著
210    @a广州@c广东旅游出版社@d2019.1
215    @a189页@d24cm
330    @a本书内容共有五章,第一章从宏观的角度审视了英美文学作品中的文化意识、人文素养的社会体现、特点及文化土壤解读。第二章从微观的角度阐述了英美文学作品中的讽刺与幽默、女性人物与女权主义、城市书写以及茶文化的写作特色。第三章论述了英美文学作品赏析的策略及途径。第四章,阐述了英美文学经典作品的赏析。第五章对谭恩美的文学作品进行了剖析和解读。
517 1  @a以谭恩美为例@Ayi tan en mei wei li
606 0  @a英国文学@Aying guo wen xue@x文学欣赏
606 0  @a文学欣赏@Awen xue xin shang@y美国
690    @aI561.06@v5
690    @aI712.06@v5
701  0 @a邵莉@Ashao li@4著
801  0 @aCN@b百万庄@c20210927
905    @b1302183-86@dI561.06@e1248@f4
    
    英美文学作品赏析:以谭恩美为例/邵莉著.-广州:广东旅游出版社,2019.1
    189页;24cm
    
    
    ISBN 978-7-5570-1505-3:CNY49.00
    本书内容共有五章,第一章从宏观的角度审视了英美文学作品中的文化意识、人文素养的社会体现、特点及文化土壤解读。第二章从微观的角度阐述了英美文学作品中的讽刺与幽默、女性人物与女权主义、城市书写以及茶文化的写作特色。第三章论述了英美文学作品赏析的策略及途径。第四章,阐述了英美文学经典作品的赏析。第五章对谭恩美的文学作品进行了剖析和解读。
●
相关链接 在E读中查询图书 在五车中查询图书 在当当中查询图书 在豆瓣中查询图书


正题名:英美文学作品赏析     索取号:I561.06/1248         预约/预借

序号 登录号 条形码 馆藏地/架位号 状态 备注
1 1302183   213021834   第一样本阅览室/ [索取号:I561.06/1248] 在馆    
2 1302184   213021843   第二借阅区/ [索取号:I561.06/1248] 在馆    
3 1302185   213021852   第二借阅区/ [索取号:I561.06/1248] 在馆    
4 1302186   213021861   第二借阅区/ [索取号:I561.06/1248] 在馆    
唐山师范学院图书馆 欢迎您!
大连网信软件有限公司© 版权所有